| 000 | 01101na a2200325 4500 | ||
|---|---|---|---|
| 001 | 15235 | ||
| 003 | MIRAKIL | ||
| 005 | 20181213155308.0 | ||
| 008 | 160906b tu 000 0 | ||
| 020 | _a9786053993148 | ||
| 035 | _a15235 | ||
| 040 |
_aMilas _btur _cTR-AnCHP |
||
| 082 |
_a320.54 _bU58t 2013 |
||
| 090 | _a320.54 U58t 2013 | ||
| 100 | _aÖzkırımlı, Umut | ||
| 245 |
_aTarihin cenderesinde Yunanistan ve Türkiye'de milliyetçilik _cUmut Özkırımlı, Spyros A. Sofos, çeviren; Sezin Tekin Özsakınç, Özlem Bülbül |
||
| 260 |
_aİstanbul _bİstanbul Bilgi Üniversitesi Yayınları _c2013 |
||
| 300 |
_aviii, 199 s. _c23 sm. |
||
| 490 |
_aTarih _v47 |
||
| 490 |
_aİstanbul Bilgi Üniversitesi yayınları _v441 |
||
| 504 | _aKaynakça ve dizin var. | ||
| 650 |
_aUlusalcılık _xTarih _zYunanistan |
||
| 650 |
_aUlusalcılık _xTarih _zTürkiye |
||
| 651 |
_aYunanistan _xTarih _y20. yüzyıl |
||
| 651 |
_aTürkiye _xTarih _y20. yüzyıl |
||
| 700 | _aBülbül, Özlem | ||
| 700 | _aÖzsakınç, Sezin Tekin | ||
| 700 | _aSofos, Spyros A. | ||
| 942 |
_2dcc _cBKS |
||
| 999 |
_c10147 _d10147 |
||